000
00213 a2200097 4500
001
2109
100
_a
Legrand, R
245
_a
New American machinests handbook
260
_a
_b
Mc Graw Hill
_c
090
_c
1555
_d
1555
942
_a
NUST-CAE
_c
M
_c
6169
999
_c
237182
_d
237182